| 000 | 00504cam a2200205ua 4500 | ||
|---|---|---|---|
| 001 | 9814 | ||
| 008 | 160907n ii |||gr||||Z||||||eng | ||
| 020 | _a9788131606186 | ||
| 040 | _cMAIN | ||
| 041 | _aeng | ||
| 082 | _a301 | ||
| 100 |
_aNagla, B.K., _eAuthor. |
||
| 245 |
_aIndian sociological thought _cBy B.K. Nagla |
||
| 250 | _a2nd ed. | ||
| 260 |
_aJaipur: _bRawat publications, _c2015. |
||
| 300 | _a488p. | ||
| 653 | _aSociology & anthropology | ||
| 653 | _aSociological thought | ||
| 942 | _cBK | ||
| 999 |
_c8824 _d8824 |
||